Normal view
MARC view
- غزوي ، محمد سليم محمد
Entry Personal Name
001 - CONTROL NUMBER
- control field: 40744
003 - CONTROL NUMBER IDENTIFIER
- control field: JO-AjAnu
005 - DATE AND TIME OF LATEST TRANSACTION
- control field: 20230606080752.0
008 - FIXED-LENGTH DATA ELEMENTS
- fixed length control field: 230606|| aca||aabn | a|a d
040 ## - CATALOGING SOURCE
- Original cataloging agency: JO-AjAnu
- Transcribing agency: JO-AjAnu
100 ## - HEADING--PERSONAL NAME
- Personal name: غزوي ، محمد سليم محمد
670 ## - SOURCE DATA FOUND
- Source citation: Work cat.: (JO-AjAnu)20884: غزوي ، محمد سليم محمد , author, نظريات الادارة المحلية في المملكة الاردنية الهاشمية